[Event "Hoogovens"]
[Site "Wijk aan Zee"]
[Date "1979.??.??"]
[Round "7"]
[White "Garcia, Gildardo"]
[Black "Ree, Hans"]
[Result "1/2-1/2"]
[WhiteElo "2490"]
[BlackElo "2480"]

1.c4 e6 2.Nc3 d5 3.d4 Be7 4.Nf3 Nf6 5.Bg5 O-O 6.e3 Nbd7 7.Rc1 c6 8.Bd3 dxc4
9.Bxc4 Nd5 10.Bxe7 Qxe7 11.O-O Nxc3 12.Rxc3 e5 13.Qc2 exd4 14.exd4 Nb6 15.Re1 Qd8
16.Bb3 Nd5 17.Bxd5 Qxd5 18.Rc5 Qd8 19.Ng5 g6 20.Qe4 h6 21.Nf3 Be6 22.Qf4 Kg7
23.b3 Bd5 24.Rc3 Qf6 25.Qxf6+ Kxf6 26.Ne5 Rad8 27.f4 h5 28.Kf2 Rfe8 29.g3 Kg7
30.Rce3 f6 31.Nd3 Rxe3 32.Rxe3 Kf7 33.Nc5 b6 34.Na6 Be6 35.Nb4 Rxd4 36.Nxc6 Rd7
37.Re1 a5 38.Ke3 Bf5 39.Nd4 Re7+ 40.Kd2 Rxe1 41.Kxe1 Bh3 42.Kf2 Ke7 43.Nb5 Bd7
44.Nc3 Kd6 45.Ne4+ Ke6 46.Ke3 Bc6 47.h3 Bd5 48.Kd4 Bc6 49.a3  1/2-1/2

[Event "Hoogovens"]
[Site "Wijk aan Zee"]
[Date "1979.??.??"]
[Round "10"]
[White "Garcia, Gildardo"]
[Black "Nikolac, Juraj"]
[Result "0-1"]
[WhiteElo "2490"]
[BlackElo "2450"]

1.c4 c5 2.Nf3 g6 3.d4 cxd4 4.Nxd4 Bg7 5.e4 Nc6 6.Be3 Nf6 7.Nc3 Ng4 8.Qxg4 Nxd4
9.Qd1 Ne6 10.Rc1 b6 11.b4 Bb7 12.Nd5 O-O 13.Be2 Nc7 14.Bd4 e5 15.Be3 f5 16.Qb3 Ne6
17.O-O f4 18.Bd2 Nd4 19.Qd3 b5 20.cxb5 Bxd5 21.exd5 e4 22.Qc4 Rc8  0-1